00000000nam##2200000za#4500
0019.672308
003CaOODSP
00520250403105543
007co |||||||||||
008150407|2010||||xxc    |q  d f### # fre|d
020 |a978-0-660-65423-2
040 |aCaOODSP|bfre
041 |aeng
041 |afre
043 |an-cn---
0861 |aCS91-520/2010-MRC
24500|aProjections démographiques pour le Canada, les provinces et les territoires, avec tableaux électroniques détaillés 2009-2036 (2009-2061 pour le Canada) |h[ressource électronique]
260 |aOttawa - Ontario : |bStatistique Canada |c[Date de parution : juin 2010].
300 |a1 disque.
5203 |aContient les versions françaises et anglaise du rapport des Projections démographiques pour le Canada, les provinces et les territoires (en format PDF) ainsi que des tableaux (en format feuille de calcul) présentant les données par sexe, année simple d'âge, province/territoire et année de projection pour dix scénarios de projection. Basées sur la population estimée au premier juillet 2009, ces projections dressent un portrait détaillé de la situation démographique canadienne jusqu'en 2036 pour les provinces / territoires et jusqu'en 2061 pour le Canada dans son ensemble, sous certaines hypothèses relatives aux composantes de l'accroissement démographique.
538 |aOrdinateur compatible IBM Pentium III ou supérieur; Windows 2000 SP4 de Microsoft ou supérieur; Souris Microsoft ou compatible; 128 Mo de RAM; 110 Mo d'espace libre sur le disque dur; Lecteur de CD-ROM.
590 |a10-27|b2010-07-09
69107|aPopulation|2gcpds
7102 |aStatistique Canada.
791 |tPopulation projections for Canada, provinces and territories, with detailed electronic tables 2009-2036 (2009-2061 for Canada) |eeng|w(CaOODSP)9.672307